Deru ombak ditebing karang, (Record no. 61779)
[ view plain ]
| 000 -LEADER | |
|---|---|
| fixed length control field | 00565cam a22002171 4500 |
| 001 - CONTROL NUMBER | |
| control field | sa 65000846 |
| 003 - CONTROL NUMBER IDENTIFIER | |
| control field | DLC |
| 005 - DATE AND TIME OF LATEST TRANSACTION | |
| control field | 20260227112105.0 |
| 008 - FIXED-LENGTH DATA ELEMENTS--GENERAL INFORMATION | |
| fixed length control field | 860130s1963 io a 000 0 ind |
| 010 ## - LIBRARY OF CONGRESS CONTROL NUMBER | |
| LC control number | sa 65000846 |
| 025 ## - OVERSEAS ACQUISITION NUMBER | |
| Overseas acquisition number | PL480:Indo-1058 |
| 035 ## - SYSTEM CONTROL NUMBER | |
| System control number | (OCoLC)13083408 |
| 040 ## - CATALOGING SOURCE | |
| Original cataloging agency | DLC |
| Transcribing agency | KyU |
| Modifying agency | DLC |
| 042 ## - AUTHENTICATION CODE | |
| Authentication code | premarc |
| 050 00 - LIBRARY OF CONGRESS CALL NUMBER | |
| Classification number | PL5089.U78 |
| Item number | D4 |
| 100 1# - MAIN ENTRY--PERSONAL NAME | |
| Personal name | Usman, K. |
| 245 10 - TITLE STATEMENT | |
| Title | Deru ombak ditebing karang, |
| Statement of responsibility, etc. | oleh K. Usman. |
| 260 ## - PUBLICATION, DISTRIBUTION, ETC. | |
| Place of publication, distribution, etc. | Djakarta, |
| Name of publisher, distributor, etc. | Balai Pustaka, |
| Date of publication, distribution, etc. | 1963. |
| 300 ## - PHYSICAL DESCRIPTION | |
| Extent | 16 p. |
| Other physical details | illus. |
| Dimensions | 18 cm. |
| 490 0# - SERIES STATEMENT | |
| Series statement | Seri batjaan teruna |
No items available.